Регионална библиотека "Любен Каравелов" - Русе

Спонсорство и дарителство в изкуствата (Запис номер 19333)

MARC детайли
000 -Лидер
Контролно поле с фиксирана дължина 01540nam a2200337 c 4500
003 - Код на организацията, давaща контролен номер
Контролно поле BLK
005 - Дата и час на последна редакция
Контролно поле 20181022170737.0
008 - Елементи от данни с фиксирана дължина
fixed length control field 180413b bul|||||r ||||||| ||bul||
010 ## - Наследен системен номер
LC control number KNG00021453000
020 ## - Международен стандартен номер на книга ISBN
Международен стандартен номер на книга ISBN 954-494-273-4
-- издат.: Унив. изд. Стопанство
040 ## - Източник на каталожния запис
Идентификатор на билиотеката - собственик на записа BLK
041 ## - Код за език
Код за езика на текст/звукозапис или на отделно заглавие Български
Код за езика КДБФ Български
080 ## - УДК
Текстов определител УДК Юбилеи. Паметни книги. Дарителство
УДК код - определител по УДК 061.75
УДК определител (091)
УДК - код + определител 061.75(091)
080 ## - УДК
Текстов определител УДК Изкуство. Художествени занаяти. Фотография. Музика. Развлечения. Игри. Спорт
УДК код - определител по УДК 7
УДК определител .078
УДК - код + определител 7.078
100 1# - Редна дума - Автор
Автор Върбанова, Лидия Димитрова
Авторска отговорност първи автор
R(LIN) 260005
139 ## - Редно поле
Редна дума Спонсорство и дарителство в изкуствата
Авторски знак Вър - В 97
245 10 - Сведения за заглавието
Заглавие Спонсорство и дарителство в изкуствата
Редно поле (дума) Лидия Димитрова Върбанова.
257 ## - Страна на издаване
Страна на създаване/издаване България
260 ## - Област на издателските данни
-- София
Име на издателя, разпространителя и проч. Унив. изд. Стопанство
Година на издаване 1997
300 ## - Физическа характеристика
Страници 168 с.
Илюстрации и др. с табл., сх.
Размери/Мащаб 24 см
380 ## - Жанр
Жанр Общ отдел
500 ## - Общи забележки
Забележка Деп. списък: 13 Изд. на УНСС - София ; 1 500 тир
650 #4 - Допълнително описание по предмет – тема
Основно описание – тема или топоним Изкуство - финансиране
9 (RLIN) 263707
650 #4 - Допълнително описание по предмет – тема
Основно описание – тема или топоним Дарителство - в изкуството - история
9 (RLIN) 263708
653 ## - Ключова дума – ненормативна
Ключова дума дарителство
852 ## - Местоположение
Форматна сигнатура Цб 196306
856 4# - Електронен адрес и достъп
Електронен формат pdf - файл
Път до файла /url/
856 4# - Електронен адрес и достъп
Електронен формат pdf - файл
Път до файла /url/
942 ## - АРТИКУЛИ
Вид на библиотечния материал Книги
Скрит в OPAC Не
Koha issues (borrowed), all copies 1
944 ## - СЪЗДАВАНЕ И РЕДАКЦИЯ на ЗАПИСА
Създаване/Редакция Създаване
Дата на регистрацията/редакция 15.01.2003
Служител, извършил регистрацията/редакцията Кети_Илиева
944 ## - СЪЗДАВАНЕ И РЕДАКЦИЯ на ЗАПИСА
Създаване/Редакция Редакция
Дата на регистрацията/редакция 11.08.2015
Служител, извършил регистрацията/редакцията Ирена_Линкова
999 ## - СИСТЕМНИ КОНТРОЛНИ НОМЕРА
Koha biblionumber 19333
Koha biblioitemnumber 19333
Наличности
Код за отписване Код за изгубен артикул Източник на класификационната схема Код за повреда Коз за рестрикции Код за отдаване Артикулен № Име на библиотеката - собственик Име на библиотеката, в която се намира в момента Статус (Текущо местоположение) Дата на вписване в системата Местоположение - отдел Цена в лева Инвентарен номер Систематично азбучна сигнатура Баркод Номер на екземпляра Цена в евро Служебен тип на артикула Служебна бележка
  Не е изгубен Universal Decimal Classification Не е повреден без рестрикции ползва се в читалня 32250 Регионална библиотека "Любен Каравелов" Русе Регионална библиотека "Любен Каравелов" Русе Хранилище 2001-01-01 Хранилище 0.00 639683 Цб 196306 120000639683 1 0.00 Книги  
  Не е изгубен Universal Decimal Classification Не е повреден без рестрикции ползва се в читалня 32251 Регионална библиотека "Любен Каравелов" Русе Регионална библиотека "Любен Каравелов" Русе Читалня 2001-01-01 Читалня 3.30 639775 Ч 06/В 97 120000639775 2 1.69 Книги Дата инв: 21.03.2017 Бележки инв: Ч2017
Изтеглен Не е изгубен Universal Decimal Classification Не е повреден без рестрикции заемане за дома 32252 Регионална библиотека "Любен Каравелов" Русе Регионална библиотека "Любен Каравелов" Русе Заемна - подръчен фонд 2001-01-01 Заемна - подръчен фонд 4.90 666080 П 06/В 97Л 666080 3 2.51 Книги Дата инв: 01.02.2018 Бележки инв: П2018
Vip Innovations Ltd, Rousse, Bulgaria 2025